=LDR 00000nam 2200000 4500 =001 INLIS000000000007975 =005 20130612095908 =008 ***********************************Ind** =035 ##$$0010-061300000007975 =041 ##$$a Ind =082 ##$$a 001.54 =090 ##$$a 001.54, Pra l =100 ##$$a Pratikton, Rijanto =245 ##$$a Lingkaran-lingkaran komunikasi, Rijanto Pratikto =260 ##$$a 1982 $b Bandung =300 ##$$a xiv, 338 hlm, 21 cm =650 ##$$a Komunkasi =850 ##$$a NBPNMAT